MARC details
| 000 -LEADER |
| campo de control de longitud fija |
01612nkc a22002537a 4500 |
| 001 - NÚMERO DE CONTROL |
| campo de control |
85810 |
| 005 - FECHA Y HORA DE LA ÚLTIMA TRANSACCIÓN |
| campo de control |
20260417123815.0 |
| 007 - CAMPO FIJO DE DESCRIPCIÓN FÍSICA--INFORMACIÓN GENERAL |
| campo de control de longitud fija |
kh boc |
| 008 - DATOS DE LONGITUD FIJA--INFORMACIÓN GENERAL |
| campo de control de longitud fija |
260416s1890 sp ||||| |||| |0| i|spa d |
| 040 ## - FUENTE DE CATALOGACIÓN |
| Centro catalogador/agencia de origen |
M-RABA |
| Lengua de catalogación |
spa |
| Centro/agencia transcriptor |
M-RABA |
| 245 01 - MENCIÓN DEL TÍTULO |
| Título |
[Iglesia de Santa María la Real de Nieva |
| Resto del título |
: vistas del claustro y detalles de capitel] |
| Medio |
[Material gráfico] |
| 260 ## - PUBLICACIÓN, DISTRIBUCIÓN, ETC. |
| Fecha de publicación, distribución, etc. |
[ca. 1890] |
| 300 ## - DESCRIPCIÓN FÍSICA |
| Extensión |
2 fotografías |
| Otras características físicas |
: aristotipo |
| Dimensiones |
; imagen 22,5 x 15.5 cm |
| -- |
; soporte secundario 24 x 16,5 cm |
| 500 00 - NOTA GENERAL |
| Nota general |
Fotografías de la Iglesia de Santa María la Real de Nieva (Segovia) que muestran una vista de una de las fachadas del claustro y un detalle de un capitel con motivos animales (representación de dos leones). |
| 500 00 - NOTA GENERAL |
| Nota general |
Una de las imágenes (la correspondiente a la vista del claustro) se encuentra coloreada a mano en ciertas zonas como el cielo y la vegetación de la mitad inferior. |
| 500 00 - NOTA GENERAL |
| Nota general |
Anotaciones manuscritas a tinta al verso del soporte secundario: Fot-652: "Sta. María de Nieva. Capitel del claustro"; Fot-653: "Sta. María de Nieva". |
| 610 27 - PUNTO DE ACCESO ADICIONAL DE MATERIA--NOMBRE DE ENTIDAD CORPORATIVA |
| Nombre de entidad corporativa o nombre de jurisdicción como elemento de entrada |
Convento de Santa María la Real de Nieva ( |
| Sede del congreso/Lugar de la reunión |
Segovia, España) |
| 9 (RLIN) |
15441 |
| 651 #7 - PUNTO DE ACCESO ADICIONAL DE MATERIA--NOMBRE GEOGRÁFICO |
| Nombre geográfico |
Segovia (España) |
| 9 (RLIN) |
75469 |
| 655 #0 - TERMINO DE INDIZACIÓN--GENERO/FORMA |
| Datos o término principal de género/forma |
Fotografías de monumentos |
| 9 (RLIN) |
111580 |
| 852 ## - LOCALIZACIÓN |
| Número de control de estantería |
Fot-652; Fot-653 |
| 856 ## - LOCALIZACIÓN Y ACCESO ELECTRÓNICOS |
| Identificador Uniforme de Recurso |
<a href="https://archivoybiblioteca.realacademiabellasartessanfernando.com/cgi-bin/koha/opac-retrieve-file.pl?id=0095d45e0bcc3b37837bca5412504127">https://archivoybiblioteca.realacademiabellasartessanfernando.com/cgi-bin/koha/opac-retrieve-file.pl?id=0095d45e0bcc3b37837bca5412504127</a> |
| Texto de enlace |
Fot-652 |
| 856 ## - LOCALIZACIÓN Y ACCESO ELECTRÓNICOS |
| Identificador Uniforme de Recurso |
<a href="https://archivoybiblioteca.realacademiabellasartessanfernando.com/cgi-bin/koha/opac-retrieve-file.pl?id=240356044110fcc9f30dbd5725d6c338">https://archivoybiblioteca.realacademiabellasartessanfernando.com/cgi-bin/koha/opac-retrieve-file.pl?id=240356044110fcc9f30dbd5725d6c338</a> |
| Texto de enlace |
Fot-653 |
| 942 ## - ELEMENTOS DE ENTRADA SECUNDARIOS (KOHA) |
| Tipo de ítem Koha |
Fotografías |
| Suprimir en OPAC |
No |